| Поле | Название | Значение |
| |
Тип записи |
a |
| |
Библиографический уровень |
c |
| 001 |
Контрольный номер |
a302280cb6774441b181c2b8580d53aa |
| 005 |
Дата корректировки |
20251003164054.9 |
| 010 |
Индекс ISBN |
__ |
| a |
ISBN |
978-5-6045494-4-5 |
| b |
Уточнения |
в пер. |
| 9 |
Тираж |
1100 экз. |
| d |
Цена |
250-00; 900-00 |
| 100 |
Данные общей обработки |
__ |
| a |
Данные общей обработки |
20220325d2021 k y0rusy018901 ba |
| 101 |
Язык документа |
0_ |
| a |
Язык текста |
eng |
| 102 |
Страна публикации |
__ |
| a |
Страна публикации |
RU |
| 105 |
Кодированные данные (монография) |
__ |
| a |
Кодированные данные (монография) |
a z 011yy |
| 181 |
Поле кодированных данных: вид содержания |
_0 |
| a |
Код вида содержания (ISBD) |
i |
| 182 |
Поле кодированных данных: тип средства |
_0 |
| a |
Код типа средства (ISBD) |
n |
| 200 |
Заглавие и сведения об ответственности |
1_ |
| a |
Заглавие |
Essays on the History of the Khanty-Mansiysk Autonomous Okrug - Ugra |
| e |
Сведения, относящиеся к заглавию |
for the 90th anniversary of the foundation of Khanty-Mansiysk Autonomous Okrug - Ugra and the 900th anniversary of the first mentioning of Ugra in Russian chronicles |
| f |
Первые сведения об ответственности |
Institut of Russian History of the Russian Academy of Sciences [and others] |
| g |
Последующие сведения об ответственности |
executive editor R. G. Pikhoya |
| d |
Параллельное заглавие |
Очерки истории Ханты-Мансийского автономного округа - Югры: к 90-летию со дня образования Ханты-Мансийского автономного округа - Югры и 900-летию первого упоминания Югры в русских летописях |
| z |
Язык параллельного заглавия |
rus |
| 203 |
Вид содержания и тип средства |
__ |
| a |
Вид содержания |
Текст |
| c |
Тип средства |
непосредственный |
| 210 |
Выходные данные |
1_ |
| a |
Место издания |
Moscow |
| a |
Место издания |
Khanty-Mansiysk |
| c |
Издательство |
Project "Academic History of Ugra" |
| d |
Дата издания |
2021 |
| 215 |
Физическое описание |
__ |
| a |
Объем |
603 p. |
| c |
Иллюстрации/тип воспроизводства |
col. il., maps |
| d |
Формат |
30 см |
| 300 |
Общие примечания |
__ |
| a |
Общие примечания |
Обязат. экз. (2022-2) |
| 300 |
Общие примечания |
__ |
| a |
Общие примечания |
На английском языке |
| 320 |
Библиография |
__ |
| a |
Библиография |
Библиография в подстрочных примечаниях |
| 320 |
Библиография |
__ |
| a |
Библиография |
Именной указатель: с. 579-591 |
| 320 |
Библиография |
__ |
| a |
Библиография |
Географический указатель: с. 592-602 |
| 330 |
Аннотация |
__ |
| a |
Аннотация |
Представлены статьи по этнографии, археологии, важнейшим событиям развития Югры - от зарождения государственнности у народов, живших на северо-западе Сибири, освоения Сибири, взаимоотношений русских, ханты, манси, мер по созданию национальной автономии и появлению деревообрабатывающей, рыбной отрасли, развития нефтяной и газовой промышленности и до сегодняшнего дня Югры. |
| 464 |
Аналитический уровень |
_0 |
| 1 |
|
2001 |
| a |
|
Древняя история Югры |
| 1 |
|
700 1 |
| a |
|
Визгалов |
| b |
|
Г. П. |
| g |
|
Георгий Петрович |
| 464 |
Аналитический уровень |
_0 |
| 1 |
|
2001 |
| a |
|
История освоения Западной Сибири конца XVI-XVII вв. |
| 1 |
|
700 1 |
| a |
|
Трепавлов |
| b |
|
В. В. |
| g |
|
Вадим Винцерович |
| 464 |
Аналитический уровень |
_0 |
| 1 |
|
2001 |
| a |
|
О периодизации истории Ханты-Мансийского округа в послевоенное время |
| 1 |
|
700 1 |
| a |
|
Прищепа |
| b |
|
А. И. |
| g |
|
Александр Иванович |
| 464 |
Аналитический уровень |
_0 |
| 1 |
|
2001 |
| a |
|
Современная Югра: проблемы изучения |
| 1 |
|
700 1 |
| a |
|
Журавлев |
| b |
|
С. В. |
| g |
|
Сергей Владимирович |
| 464 |
Аналитический уровень |
_0 |
| 1 |
|
2001 |
| a |
|
Югра многоликая. Проблемы изучения этнической истории округа |
| 1 |
|
700 1 |
| a |
|
Пивнева |
| b |
|
Е. А. |
| g |
|
Елена Анатольевна |
| 464 |
Аналитический уровень |
_0 |
| 1 |
|
2001 |
| a |
|
Книги и книжность Западной Сибири в XVII - начале XX вв. |
| 1 |
|
700 1 |
| a |
|
Белобородов |
| b |
|
С. А. |
| g |
|
Сергей Анатольевич |
| 464 |
Аналитический уровень |
_0 |
| 1 |
|
2001 |
| a |
|
К вопросу об истории становления письменности обско-угорских народов |
| 1 |
|
700 1 |
| a |
|
Герасимова |
| b |
|
С. А. |
| g |
|
Светлана Александровна |
| 464 |
Аналитический уровень |
_0 |
| 1 |
|
2001 |
| a |
|
Создание и развитие клубной сети ХМАО-Югры в 1960-1980-е гг. |
| 1 |
|
700 1 |
| a |
|
Ташлыкова |
| b |
|
М. И. |
| g |
|
Марина Ивановна |
| 464 |
Аналитический уровень |
_0 |
| 1 |
|
2001 |
| a |
|
Ханты-Мансийский национальный округ в годы Великой Отечественной войны |
| 1 |
|
700 1 |
| a |
|
Серазетдинов |
| b |
|
Б. У. |
| g |
|
Борис Уразбекович |
| 464 |
Аналитический уровень |
_0 |
| 1 |
|
2001 |
| a |
|
Стратегии градостроительного освоения Ханты-Мансийского округа (1960-1990-е гг.) |
| 1 |
|
700 1 |
| a |
|
Стась |
| b |
|
И. Н. |
| g |
|
Игорь Николаевич |
| 532 |
Расширенное заглавие |
10 |
| a |
Расширенное заглавие |
Девяностолетие со дня образования Ханты-Мансийского автономного округа - Югры |
| 540 |
Дополнительное заглавие, сделанное каталогизатором |
1_ |
| a |
Дополнительное заглавие, сделанное каталогизатором |
90-летие со дня образования Ханты-Мансийского автономного округа - Югры |
| 540 |
Дополнительное заглавие, сделанное каталогизатором |
1_ |
| a |
Дополнительное заглавие, сделанное каталогизатором |
900-летие первого упоминания Югры в русских летописях |
| 540 |
Дополнительное заглавие, сделанное каталогизатором |
10 |
| a |
Дополнительное заглавие, сделанное каталогизатором |
Девятьсотлетие первого упоминания Югры в русских летописях |
| 606 |
Тематические рубрики |
__ |
| a |
Основная рубрика |
История |
| 2 |
Код системы |
nlr_sh |
| 606 |
Тематические рубрики |
__ |
| a |
Основная рубрика |
История России в целом |
| y |
Географическая подрубрика |
Российская Федерация |
| y |
Географическая подрубрика |
Ханты-Мансийский автономный округ - Югра |
| y |
Географическая подрубрика |
ХМАО-Югра |
| 2 |
Код системы |
nlr_sh |
| 610 |
Ключевые слова |
0_ |
| a |
Ключевые слова |
краеведение |
| 610 |
Ключевые слова |
0_ |
| a |
Ключевые слова |
история края |
| 610 |
Ключевые слова |
0_ |
| a |
Ключевые слова |
этнография |
| 610 |
Ключевые слова |
0_ |
| a |
Ключевые слова |
археология |
| 610 |
Ключевые слова |
0_ |
| a |
Ключевые слова |
советское время |
| 610 |
Ключевые слова |
0_ |
| a |
Ключевые слова |
национальные меньшинства |
| 610 |
Ключевые слова |
0_ |
| a |
Ключевые слова |
ханты |
| 610 |
Ключевые слова |
0_ |
| a |
Ключевые слова |
манси |
| 610 |
Ключевые слова |
0_ |
| a |
Ключевые слова |
коренное население |
| 610 |
Ключевые слова |
0_ |
| a |
Ключевые слова |
освоение Сибири |
| 610 |
Ключевые слова |
0_ |
| a |
Ключевые слова |
рыбная промышленность |
| 610 |
Ключевые слова |
0_ |
| a |
Ключевые слова |
деревообрабатывающая промышленность |
| 610 |
Ключевые слова |
0_ |
| a |
Ключевые слова |
медвежий праздник |
| 610 |
Ключевые слова |
0_ |
| a |
Ключевые слова |
коренные малочисленные народы |
| 610 |
Ключевые слова |
0_ |
| a |
Ключевые слова |
миграционная политика |
| 610 |
Ключевые слова |
0_ |
| a |
Ключевые слова |
межнациональные отношения |
| 610 |
Ключевые слова |
0_ |
| a |
Ключевые слова |
народовластие |
| 610 |
Ключевые слова |
0_ |
| a |
Ключевые слова |
законодательство |
| 610 |
Ключевые слова |
0_ |
| a |
Ключевые слова |
этническая история |
| 610 |
Ключевые слова |
0_ |
| a |
Ключевые слова |
обские угры |
| 610 |
Ключевые слова |
0_ |
| a |
Ключевые слова |
югорские князья |
| 610 |
Ключевые слова |
0_ |
| a |
Ключевые слова |
нефтяная промышленность |
| 610 |
Ключевые слова |
0_ |
| a |
Ключевые слова |
остроги |
| 610 |
Ключевые слова |
0_ |
| a |
Ключевые слова |
газовая промышленность |
| 610 |
Ключевые слова |
0_ |
| a |
Ключевые слова |
градостроительство |
| 610 |
Ключевые слова |
0_ |
| a |
Ключевые слова |
современная история |
| 610 |
Ключевые слова |
0_ |
| a |
Ключевые слова |
средневековье |
| 610 |
Ключевые слова |
0_ |
| a |
Ключевые слова |
древний мир |
| 610 |
Ключевые слова |
0_ |
| a |
Ключевые слова |
средние века |
| 610 |
Ключевые слова |
0_ |
| a |
Ключевые слова |
исторические реконструкции |
| 610 |
Ключевые слова |
0_ |
| a |
Ключевые слова |
обско-угорские народы |
| 686 |
Индексы других классификаций |
__ |
| 2 |
Код системы |
rubbks |
| a |
Классификационный индекс |
К63.3(2Рос-6Хан); стК63.3(2Рос-6Хан) |
| 702 |
Вторичная интеллектуальная ответственность |
_1 |
| a |
Фамилия |
Pikhoya |
| b |
Имя |
R. G. |
| g |
Полное личное имя |
Rudolf Germanovich |
| f |
Даты |
1947- |
| 4 |
Код отношения |
220 |
| 4 |
Код отношения |
340 |
| 712 |
Наименование организации (Вторичная ответственность) |
02 |
| a |
Организация/ юрисдикция |
Institute of Russian History |
| 712 |
Наименование организации (Вторичная ответственность) |
02 |
| a |
Организация/ юрисдикция |
Russian Academy of Science |
| 712 |
Наименование организации (Вторичная ответственность) |
02 |
| a |
Организация/ юрисдикция |
Russian Academy of Science |
| b |
Другие уровни |
Ural Branch |
| e |
Место проведения временной организации |
Yekaterinburg |
| 712 |
Наименование организации (Вторичная ответственность) |
02 |
| a |
Организация/ юрисдикция |
Institute of History and Archaeology |
| e |
Место проведения временной организации |
Yekaterinburg |
| 712 |
Наименование организации (Вторичная ответственность) |
02 |
| a |
Организация/ юрисдикция |
Museum of Anthropology and Ethnography named after Peter the Great (Kunstkamera) |
| e |
Место проведения временной организации |
Saint-Petersburg |
| 712 |
Наименование организации (Вторичная ответственность) |
02 |
| a |
Организация/ юрисдикция |
Ob-Ugric Institute of Applied Research and Development |
| e |
Место проведения временной организации |
Khanty-Mansiysk |
| 712 |
Наименование организации (Вторичная ответственность) |
02 |
| a |
Организация/ юрисдикция |
Ural Federal University named after the First President of Russia B. N. Yeltsin |
| e |
Место проведения временной организации |
Yekaterinburg |
| 712 |
Наименование организации (Вторичная ответственность) |
02 |
| a |
Организация/ юрисдикция |
Surgut State University |
| 801 |
Источник записи |
_0 |
| b |
Организация |
Муниципальное бюджетное учреждение культуры "Централизованная библиотечная система" г. Сургут (Центральная городская библиотека им. А. С. Пушкина) |
| a |
Страна |
RU |
| c |
Дата составления |
20220325 |
| g |
Правила каталогизации |
PSBO |
| 801 |
Источник записи |
_1 |
| b |
Организация |
Муниципальное бюджетное учреждение культуры "Централизованная библиотечная система" г. Сургут (Центральная городская библиотека им. А. С. Пушкина) |
| a |
Страна |
RU |
| c |
Дата составления |
20220325 |
| g |
Правила каталогизации |
PSBO |
| 852 |
Данные о местонахождении |
5_ |
| j |
Шифр хранения |
К63.3(2Рос-6Хан) |
| i |
Авторский знак |
E 80 |
| 900 |
Макрообъекты |
__ |
| a |
Макрообъекты |
Essays on the history of the Khanty-Mansiysk Autonomous okrug - Ugra. Очерки истории Ханты-Мансийского автономного округа - Югры (к 900-летию). 2021 |
| 901 |
Тип документа |
__ |
| a |
Ответственный |
КиК/Обаева; КиК/Котельникова |
| t |
Тип документа |
x |
| 903 |
Характеристики (МАРС) |
__ |
| a |
Дата передачи |
20220531; 20220325 |
| c |
Наименование библиотеки (МАРС) |
Муниципальное бюджетное учреждение культуры "Централизованная библиотечная система" г. Сургут (Центральная городская библиотека им. А. С. Пушкина) |
| 969 |
Тип издания |
__ |
| a |
Тип издания |
научное издание |
| 990 |
Данные о заказе (DOS) |
__ |
| j |
Количество экземпляров (DOS) |
8; 2 |
| t |
N записи в КСУ для И/У (DOS) |
202206; 202203 |